| 000 | 00879nas a2200289 4500 | ||
|---|---|---|---|
| 001 | BR2013008532 | ||
| 003 | BR-BrBNA | ||
| 005 | 20231205123119.0 | ||
| 007 | ta | ||
| 008 | 230509b bl.|||p| |||| 00| 00por d | ||
| 040 |
_aBR-BrBNA _bpor _cBiblioteca Nacional de Agricultura |
||
| 041 | _a(Pt) | ||
| 072 | _aP35; F01 | ||
| 100 | 1 | _aMassoni, P.F.S. | |
| 100 | 1 | _aMarchesan, E. | |
| 100 | 1 | _aGrohs, M. | |
| 100 | 1 | _aSilva, L.S. da | |
| 100 | 1 | _aRoso, R. | |
| 245 | 1 | _aNutrientes do solo influenciados por diferentes manejos da palha após a colheita do arroz irrigado | |
| 650 | _aARROZ IRRIGADO | ||
| 650 | _aCOLHEITA | ||
| 650 | _aMANEJO DO SOLO | ||
| 650 | _aNUTRIENTE | ||
| 773 | 0 |
_tRevista Ciência Agronômica (Brazil) _xISSN 0045-6888 _g(Apr-Jun 2013), v. 44(2) p. 205-214 _wBR2013008532 |
|
| 909 |
_a202311 _bLúcia _c55 _dLúcia Elande |
||
| 942 |
_2AGRIS _n0 _cANA |
||
| 999 |
_c232241 _d232241 |
||